Thiết kế hệ thống điều khiển, giám sát và thu thập dữ liệu từ xa Báo cáo tổng kết đề tài khoa học và công nghệ cấp Trường

Nội dung đề tài thiết kế hệ thống điều khiển và thu thập dữ liệu từ xa nhằm phục vụ cho mục đích giảng dạy, nghiên cứu và triển khai ứng dụng thực tế.

Salvato in:
Dettagli Bibliografici
Autore principale: Nguyễn, Minh Luân
Natura: Libro
Lingua:Undetermined
Pubblicazione: Cần Thơ Trường Đại học Cần Thơ 2006
Soggetti:
Tags: Aggiungi Tag
Nessun Tag, puoi essere il primo ad aggiungerne! !
Thư viện lưu trữ: Trung tâm Học liệu Trường Đại học Cần Thơ
LEADER 01089nam a2200217Ia 4500
001 CTU_203841
008 210402s9999 xx 000 0 und d
082 |a 629.8 
082 |b L502 
088 |a T2005-16 
100 |a Nguyễn, Minh Luân 
245 0 |a Thiết kế hệ thống điều khiển, giám sát và thu thập dữ liệu từ xa 
245 0 |b Báo cáo tổng kết đề tài khoa học và công nghệ cấp Trường 
245 0 |c Nguyễn Minh Luân (Chủ nhiệm đề tài) 
260 |a Cần Thơ 
260 |b Trường Đại học Cần Thơ 
260 |c 2006 
520 |a Nội dung đề tài thiết kế hệ thống điều khiển và thu thập dữ liệu từ xa nhằm phục vụ cho mục đích giảng dạy, nghiên cứu và triển khai ứng dụng thực tế. 
650 |a Automatic control,Hệ thống điều khiển tự động 
904 |i Tuyến 
980 |a Trung tâm Học liệu Trường Đại học Cần Thơ